000 00464nam a2200169 a 4500
001 3439
005 20140414131848.0
008 060327s19uu xx 00 eng d
020 _a0-395-45990-7
050 _aER
_bAn627 1967
100 _aWaber, Bernard
245 _aAn anteater named Arthur /
_cby Bernard Waber.
260 _aBoston :
_bHoughton Mifflin,
_c1967.
300 _a48 p. : ill. ; cm.
650 _aReading
_xStudy and teaching.
999 _c110007
_d110007